000 00500nam a2200145Ia 4500
008 090122s9999 xx 000 0 und d
082 _b10814
100 _aगोखले
_bगो
_cसी
245 _aज्ञानसागरातील शिंपले (1)
600 _aगोखले
630 _aज्ञानसागरातील शिंपले (1)
700 _aगोखले
730 _aज्ञानसागरातील शिंपले (1)
942 _cBOOK
999 _c34891
_d34891